00743nam a2200193Ia 4500001000700000003000500007008004100012010001100053040000900064100002900073245017800102260004100280300001000321502007700331650006000408650003100468650002300499700002700522Z_1730CHAP220113s1999 xx 000 0 und d a164822 cCHAP aRamos Vergara, Alejandro aDureza y consumo de bloques multinutricionales elaborados con dos tipos de aglomerantes y almacenados por tres meses /cpor Alejandro Ramos Vergara y Felipe Porras Pérez aChapingo, Méx. :bEl autor,c1999 a53 h. aTesis (Ing. Agr. Esp. en Zootecnia) -- UACH. Departamento de Zootecnia aAlimentos y alimentación del ganadoxValor nutritivo  aBloques multinutricionales aPastos forrajeros  aPorras Pérez, Felipe